| 000 | 00880nam a2200289 a 4500 | ||
|---|---|---|---|
| 001 | |||
| 003 | DO-SdBNP | ||
| 005 | 20210716101248.0 | ||
| 008 | 150112s2014 dr 000 0 spa d | ||
| 020 | _a9789945412956 | ||
| 040 |
_aBPMSU _bspa _cBPMSU |
||
| 082 |
_aRD861.44 _bL864s 2013 _222 |
||
| 100 | 1 | _aLópez Azuán, Virgilo | |
| 245 | 1 | 0 |
_aSumer : _bpoética de los números / _cVirgilo López Azuán. |
| 260 |
_aSanto Domingo : _bFUNGLODE, _c2014. |
||
| 300 |
_a175 p. ; _c23 cm. |
||
| 490 | 0 | _aPremios; | |
| 500 | _aPremio único | ||
| 586 | _aPremio Funglode de poesía Pedro Mir, 2013 | ||
| 590 | _aInventariado, 2021VM | ||
| 650 | 4 |
_aPoesía dominicana _vColecciones |
|
| 650 | 4 |
_aLiteratura dominicana _x |
|
| 650 | 4 | _a Certamenes literarios | |
| 710 | 2 | _aFundación Global Democracia y Desarrolo (República Dominicana) | |
| 910 | _aVMateo V | ||
| 942 |
_2ddc _cBK |
||
| 999 |
_c13572 _d13572 |
||